El desarrollo narrativo en niños (Registro nro. 11292)

Detalles MARC
000 -LEADER
fixed length control field 01116cam a2200337 i 4500
001 - CONTROL NUMBER
control field 0000648
003 - CONTROL NUMBER IDENTIFIER
control field DO-SdBNP
005 - DATE AND TIME OF LATEST TRANSACTION
control field 20160902144306.0
007 - PHYSICAL DESCRIPTION FIXED FIELD--GENERAL INFORMATION
fixed length control field 0000648
008 - FIXED-LENGTH DATA ELEMENTS--GENERAL INFORMATION
fixed length control field 100514s 2008 sp a | 000 f spa
015 ## - NATIONAL BIBLIOGRAPHY NUMBER
National bibliography number
017 ## - COPYRIGHT OR LEGAL DEPOSIT NUMBER
Copyright or legal deposit number
Assigning agency
020 ## - INTERNATIONAL STANDARD BOOK NUMBER
International Standard Book Number 9788497512824
035 ## - SYSTEM CONTROL NUMBER
System control number
040 ## - CATALOGING SOURCE
Original cataloging agency BPMSU
Language of cataloging spa
Transcribing agency BPMSU
Description conventions
080 ## - UNIVERSAL DECIMAL CLASSIFICATION NUMBER
Universal Decimal Classification number
100 1# - MAIN ENTRY--PERSONAL NAME
Personal name Pavez Guzmán, María Mercedes
245 13 - TITLE STATEMENT
Title El desarrollo narrativo en niños
Remainder of title una propuesta práctica para la evaluación y la intervención en niños con trastorno del lenguaje /
Statement of responsibility, etc. María Mercedes Pavez Guzmán, Carmen Julia Coloma Tirapequi, Mariangela Maggiolo Landaeta ; prólogo Juan Narbona
250 ## - EDITION STATEMENT
Edition statement Reimpr. 2010.
260 ## - PUBLICATION, DISTRIBUTION, ETC. (IMPRINT)
Place of publication, distribution, etc. Barcelona :
Name of publisher, distributor, etc. Lexus,
Date of publication, distribution, etc. 2008.
300 ## - PHYSICAL DESCRIPTION
Extent 221 p.:
Other physical details il.
Dimensions 25 cm
490 ## - SERIES STATEMENT
Series statement Psicopedagogía
500 ## - GENERAL NOTE
General note Incluye índice alfabético de materias.
504 ## - BIBLIOGRAPHY, ETC. NOTE
Bibliography, etc Bibliografía p: 213-216
700 12 - ADDED ENTRY--PERSONAL NAME
Personal name Coloma Tirapegui, Carmen Julia
700 12 - ADDED ENTRY--PERSONAL NAME
Personal name Maggiolo Landaeta, Mariangela
700 12 - ADDED ENTRY--PERSONAL NAME
Personal name Narbona, Juan
Relator term prol.
830 ## - SERIES ADDED ENTRY--UNIFORM TITLE
Uniform title Psicopedagogía
942 ## - ADDED ENTRY ELEMENTS (KOHA)
Source of classification or shelving scheme Dewey Decimal Classification
Koha item type Libros
956 ## - LOCAL ELECTRONIC LOCATION AND ACCESS (OCLC)
Host name YLOCKWARD
Field link and sequence number 10
Compression information BPMSU

No hay ítems disponibles.